Trenerzy Mistrzów Hiszpanii w XXI wieku - Statystyki

Ogólne statystyki
  • Ten quiz został rozwiązany 150 razy
    68 od ostatniego zresetowania
  • Średni wynik to 19 z 25
Statystyki odpowiedzi
Sezon Klub Trener % Poprawnych
2023/24 Real Madryt Carlo Ancelotti
98%
2021/22 Real Madryt Carlo Ancelotti
98%
2020/21 Atletico Madryt Diego Simeone
98%
2013/14 Atletico Madryt Diego Simeone
98%
2022/23 FC Barcelona Xavi Hernandez
97%
2024/25 FC Barcelona Hansi Flick
95%
2019/20 Real Madryt Zinedine Zidane
95%
2016/17 Real Madryt Zinedine Zidane
95%
2010/11 FC Barcelona Pep Guardiola
93%
2009/10 FC Barcelona Pep Guardiola
93%
2008/09 FC Barcelona Pep Guardiola
93%
2015/16 FC Barcelona Luis Enrique
90%
2014/15 FC Barcelona Luis Enrique
90%
2011/12 Real Madryt Jose Mourinho
83%
2018/19 FC Barcelona Ernesto Valverde
66%
2017/18 FC Barcelona Ernesto Valverde
66%
2005/06 FC Barcelona Frank Rijkaard
64%
2004/05 FC Barcelona Frank Rijkaard
64%
2002/03 Real Madryt Vicente Del Bosque
64%
2000/01 Real Madryt Vicente Del Bosque
64%
2003/04 Valencia Rafa Benitez
46%
2001/02 Valencia Rafa Benitez
46%
2012/13 FC Barcelona Tito Vilanova
46%
2007/08 Real Madryt Bernd Schuster
32%
2006/07 Real Madryt Fabio Capello
32%
Nie znaleziono quizów pasujących do podanych kryteriów
Rozkład punktacji
Procent ludzi z każdym wynikiem
Percentyl według liczby udzielonych odpowiedzi
Twoja historia wyników
Nie rozwiązałeś tego quizu od ostatniego zresetowania